Yargı bağımsızlığı ve özgürlükçü demokrasi/ (Record no. 5420)
[ view plain ]
| 000 -BAŞLIK | |
|---|---|
| Sabit Uzunlukta Kontrol Alanı | 01501na a2200373 4500 |
| 999 ## - SİSTEM KONTROL NUMARALARI (KOHA) | |
| Koha Biblionumber | 5420 |
| Koha Biblioitemnumber | 5420 |
| 001 - KONTROL NUMARASI | |
| Denetim Alanı | 20657 |
| 003 - KONTROL NUMARASI IDENTIFIER | |
| Denetim Alanı | MIRAKIL |
| 005 - SON İŞLEM TARİHİ VE ZAMANI | |
| Denetim Alanı | 20200305113835.0 |
| 008 - SABİT-BOY VERİ ELEMANLARI - GENEL BİLGİLER | |
| Sabit Uzunlukta Kontrol Alanı | 170126b tu 000 0 |
| 035 ## - SİSTEM KONTROL NUMARASI | |
| Sistem Kontrol Numarası | 20657 |
| 040 ## - KATALOGLAMA KAYNAK | |
| Orijinal Kataloglama Ajansı | TR-AnCHP |
| Kataloglama Dili | tur |
| Metne Dönüştürmek Ajansı | TR-AnCHP |
| 041 ## - DİL KODU | |
| Metin / Ses Parça Veya Ayrı Başlığın Dil Kodu | tur |
| 082 ## - DEWEY ONLU SINIFLANDIRMA NUMARASI | |
| Sınıflandırma Numarası | CHP 347.013 |
| Ürün Numarası | K44y [2011] |
| 090 ## - SINIFLAMA NUMARASI | |
| Sınıflama Numarası | BROŞÜR 183 |
| 100 ## - ANA GİRİŞ - KİŞİSEL İSİM | |
| Kişisel Ad | Kılıçdaroğlu, Kemal |
| Bir Adıyla İlişkilendirilen Başlıklar Ve Kelimeler | CHP Genel Başkanı |
| 245 ## - BAŞLIK TABLOSU | |
| Başlık | Yargı bağımsızlığı ve özgürlükçü demokrasi/ |
| Sorumluluk Tablosu, Vb | Kemal Kılıçdaroğlu. |
| 246 ## - UNVAN FORM VARYING | |
| Başlık Doğru / Kısa Başlığı | Özgürlükçü demokrasi |
| 260 ## - YAYIN, DAĞITIM, VB | |
| Yayın, Dağıtım, Vb Yeri | Ankara: |
| Yayıncı, Dağıtıcı, Vs Adı | [CHP], |
| Yayın, Dağıtım, Vb Tarihi | [2011]. |
| 300 ## - FİZİKSEL TANIM | |
| Kapsam | [8] s.: |
| Boyutlar | 21 sm. |
| 440 ## - SERİSİ TABLOSU / KATMA GİRİŞİ - BAŞLIK | |
| Başlık | Cumhuriyet Halk Partisi yayınları |
| Bir İşin Parçası / Bölümün İsmi | Raporlar |
| 500 ## - GENEL NOT | |
| Genel Not | Cumhuriyet Halk Partisi Genel Başkanı Kemal Kılıçdaroğlu'nun 12 Eylül 2010 Halk Oylmasına ilişkin Hürriyet Gazetesi'nde 9 Ağustos 2011 tarihinde yayınlanan yazısı |
| 600 ## - KONU KATMA GİRİŞ - KURUMSAL ADI | |
| Kişisel Ad | Kılıçdaroğlu, Kemal |
| Genel Alt Bölümü | Siyasal ve sosyal görüşler |
| Kronolojik Alt Bölümü | Anayasa değişikliği |
| 600 ## - KONU KATMA GİRİŞ - KURUMSAL ADI | |
| Kişisel Ad | Kılıçdaroğlu, Kemal |
| Genel Alt Bölümü | Siyasal ve sosyal görüşler |
| Kronolojik Alt Bölümü | Yargı bağımsızlığı |
| 610 ## - KONU KATMA GİRİŞ - TOPLANTI ADI | |
| Giriş Elemanı Olarak Kurumsal Ad Veya Yargı Alanı Adı | CHP |
| Genel Alt Bölüm | Hukuk devleti |
| Kronolojik Alt Bölüm | Hak ve özgürlükler |
| 610 ## - KONU KATMA GİRİŞ - TOPLANTI ADI | |
| Giriş Elemanı Olarak Kurumsal Ad Veya Yargı Alanı Adı | CHP |
| Genel Alt Bölüm | Özgürlükçü demokrasi |
| 650 ## - KONU KATMA GİRİŞ - TOPİKAL DÖNEM | |
| Topikal Süreli Veya Coğrafi Ad Giriş Elemanı | Yargı bağımsızlığı |
| Coğrafi Alt Bölümü | Türkiye |
| 650 ## - KONU KATMA GİRİŞ - TOPİKAL DÖNEM | |
| Topikal Süreli Veya Coğrafi Ad Giriş Elemanı | Referandum, 2010 |
| Genel Alt Bölümü | Anayasa değişikliği |
| 650 ## - KONU KATMA GİRİŞ - TOPİKAL DÖNEM | |
| Topikal Süreli Veya Coğrafi Ad Giriş Elemanı | Anayasalar |
| Coğrafi Alt Bölümü | Türkiye |
| 830 ## - SERİSİ EKLENDİ GİRİŞ - ÜNİFORM ADI | |
| Üniforma Başlık | CHP raporları |
| 856 ## - ELEKTRONİK YER VE ERİŞİM | |
| Kamu Notu | Dijital Nüshası için Partimizin Kütüphane Sorumlusu ile iletişime geçiniz. |
| 942 ## - EKLENDİ GİRİŞ ELEMANLARI (KOHA) | |
| Sınıflandırma Veya Raf Düzeni Kaynak | Dewey Decimal Classification |
| Koha Öğesi Türü | Visual Material |
| 999 ## - SİSTEM KONTROL NUMARALARI (KOHA) | |
| Koha Biblioitemnumber | 5420 |
| Kullanım Kısıtlamaları | Kalıcı Konum | Mevcut Konum | Edinme Tarihi | Edinim Kaynak | Kodlu Konum Eleme | Toplam Check-Out'Lar | Tam Çağrı Numarası | Barkod | Tarih Son Görülme | Kopya Sayısı | İtibaren Geçerli Fiyatlar | Koha Öğesi Türü |
|---|---|---|---|---|---|---|---|---|---|---|---|---|
| Kütüphane dışına çıkarılamaz | CHP Kütüphanesi | CHP Kütüphanesi | 01/26/2017 | Bağış | BROŞÜRLER | BROŞÜR 183 | 013006 | 01/26/2017 | k.10 | 01/26/2017 | Visual Material |
